|
|
|
|
| LEADER |
00000nab a2200000 ar4500 |
| 001 |
vtls009487868 |
| 003 |
SK-MaSNL |
| 005 |
20260318122225.0 |
| 008 |
090327c2009 xo |||||| | 000 b|hun |
| 015 |
|
|
|a SNBRB2009/03
|2 snkbucl
|
| 038 |
|
|
|a SNKBUCL
|
| 040 |
|
|
|a DSZK
|b slo
|c DSZK
|e AACR2
|
| 041 |
0 |
|
|a hun
|
| 044 |
|
|
|a xo
|c SK
|
| 080 |
|
|
|a 663.6
|2 1997
|
| 100 |
1 |
|
|a Mészárosová-Lampl, Zuzana,
|d 1959-
|4 aut
|9 168015
|
| 245 |
1 |
0 |
|a A pi víz és mit lehet vele kezdeni?
|c Lampl Zsuzsanna
|
| 300 |
|
|
|b Fotogr.
|
| 600 |
1 |
7 |
|a Mészáros, Árpád
|2 snkbucl
|9 731768
|
| 650 |
0 |
7 |
|a voda
|2 snkbucl
|9 854
|
| 650 |
0 |
7 |
|a úpravy vody
|2 snkbucl
|9 1510103
|
| 650 |
0 |
7 |
|a pí-voda
|2 snkbucl
|9 1510104
|
| 773 |
0 |
|
|t Új nő
|g Sz. 3 (2009), o. 58-59
|x 1335-938X
|
| 852 |
|
|
|a SNK
|b KIS3GCP
|
| 852 |
|
|
|a DSZK
|b KIS3GCP
|
| 958 |
|
|
|a HU
|
| 958 |
|
|
|a SK
|
| 999 |
|
|
|c 3018317
|d 3020247
|